[Event "4NCL Division 3 North"]
[Site "Doncaster, ENG"]
[Date "2019.11.10"]
[Round "2.66"]
[White "Gibbs, Steve J"]
[Black "Norris, Michael J"]
[Result "1/2-1/2"]
[WhiteElo "1802"]
[BlackElo "1809"]
[PlyCount "96"]
[EventDate "2019.11.10"]
[WhiteTeam "Spirit of Atticus B"]
[BlackTeam "Manchester Manticores 3"]

1. d4 d5 2. Nf3 Nf6 3. e3 Bg4 4. h3 Bxf3 5. Qxf3 e6 6. Bd3 Nbd7 7. O-O e5 8. e4
dxe4 9. Bxe4 c6 10. Re1 Be7 11. Qg3 Nh5 12. Qb3 Qc7 13. Bf3 Nhf6 14. g3 O-O 15.
Bg2 Bd6 16. dxe5 Bxe5 17. Nd2 Nb6 18. Nf3 Bd6 19. c4 Rfe8 20. Bd2 Rxe1+ 21.
Rxe1 Re8 22. Rxe8+ Nxe8 23. Qe3 Qe7 24. b3 Nf6 25. Nd4 Qxe3 26. Bxe3 Nc8 27.
Nc2 Kf8 28. f4 Nd7 29. Kf1 Ke7 30. Ke2 Bc5 31. Bd2 a6 32. Bc3 g6 33. Nd4 h5 34.
g4 hxg4 35. hxg4 Nd6 36. Kd3 f5 37. gxf5 gxf5 38. Bh3 Bxd4 39. Kxd4 Ke6 40. Bg2
c5+ 41. Kd3 Nf6 42. Ba5 Nfe4 43. Bc7 Kd7 44. Bb6 Kc6 45. Bd8 Kd7 46. Bg5 Ke6
47. Bh4 Kd7 48. Be1 Ke6 1/2-1/2

[Event "4NCL Division 3 North"]
[Site "Doncaster, ENG"]
[Date "2019.11.10"]
[Round "2.71"]
[White "Bramson, Mike"]
[Black "Whitfield, Craig M"]
[Result "0-1"]
[WhiteElo "1790"]
[BlackElo "2290"]
[PlyCount "98"]
[EventDate "2019.11.10"]
[WhiteTeam "Bradford DCA Knights C"]
[BlackTeam "J'Adoube 1"]

1. e4 g6 2. d4 Bg7 3. Nc3 d6 4. Be3 a6 5. Qd2 b5 6. O-O-O c6 7. Kb1 Qc7 8. f4
Nf6 9. Bd3 Nbd7 10. Nf3 b4 11. Ne2 Rb8 12. e5 Nd5 13. Ng5 N7b6 14. Ne4 Bf5 15.
b3 O-O 16. Rdg1 Nxe3 17. Qxe3 Nd5 18. Qd2 Rfd8 19. g4 Bxe4 20. Bxe4 dxe5 21.
fxe5 c5 22. Bd3 cxd4 23. e6 fxe6 24. h4 e5 25. h5 e4 26. Bc4 Qe5 27. Qf4 e6 28.
Qxe5 Bxe5 29. hxg6 hxg6 30. Bxa6 Ne3 31. Ng3 Bxg3 32. Rxg3 Kg7 33. Rxe3 dxe3
34. Re1 Rf8 35. Rxe3 Rf4 36. Be2 Kf6 37. Kb2 Ke5 38. a3 Kd4 39. Rg3 Rf2 40. Bc4
bxa3+ 41. Kxa3 Rf3 42. Rg1 Kc3 43. Ka2 Kxc2 44. Rg2+ Kc3 45. Kb1 Rxb3+ 46. Bxb3
Kxb3 47. Kc1 Kc3 48. Kd1 e3 49. Ke1 Rf2 0-1

[Event "4NCL Division 3 North"]
[Site "Doncaster, ENG"]
[Date "2019.11.10"]
[Round "2.72"]
[White "Bennett, Patrick"]
[Black "Winter, Kevin"]
[Result "1/2-1/2"]
[WhiteElo "2027"]
[BlackElo "1754"]
[PlyCount "32"]
[EventDate "2019.11.10"]
[WhiteTeam "J'Adoube 1"]
[BlackTeam "Bradford DCA Knights C"]

1. d4 d6 2. e4 Nf6 3. Nc3 Nbd7 4. f4 e5 5. Bc4 c6 6. Bb3 exd4 7. Qxd4 d5 8.
exd5 Bc5 9. Qd3 O-O 10. dxc6 Re8+ 11. Nge2 bxc6 12. Na4 Qe7 13. Bc4 Ng4 14. Rf1
Ne3 15. Nxc5 Qxc5 16. b3 Nxg2+ 1/2-1/2

[Event "4NCL Division 3 North"]
[Site "Doncaster, ENG"]
[Date "2019.11.10"]
[Round "2.73"]
[White "Khan, Karim"]
[Black "Turner, John M"]
[Result "1-0"]
[WhiteElo "1772"]
[BlackElo "2020"]
[PlyCount "135"]
[EventDate "2019.11.10"]
[WhiteTeam "Bradford DCA Knights C"]
[BlackTeam "J'Adoube 1"]

1. Nf3 Nf6 2. b3 c5 3. Bb2 e6 4. d3 Be7 5. g3 b6 6. Bg2 Bb7 7. O-O O-O 8. Nbd2
d5 9. Re1 d4 10. c3 dxc3 11. Bxc3 Nd5 12. Bb2 Nc6 13. a3 Bf6 14. Bxf6 Nxf6 15.
Qc2 Rc8 16. Qb2 Qd7 17. Nc4 Rfd8 18. Rac1 Qe7 19. Red1 h6 20. Qb1 Nd4 21. Nxd4
Bxg2 22. Kxg2 Rxd4 23. Ne5 Qb7+ 24. Kg1 Rd5 25. Qb2 Qb8 26. Nf3 Rdd8 27. Rc4
Qb7 28. Rf4 Nd5 29. Rg4 f5 30. Rg6 Qe7 31. Rc1 Kh7 32. Nh4 Nf6 33. Qe5 Rd5 34.
Qe3 Ng4 35. Qxe6 Qxe6 36. Rxe6 Nf6 37. Re7 a5 38. Rb7 Rc6 39. Rc4 Re6 40. Kf1
Nd7 41. Nxf5 Rxf5 42. Rxd7 Ref6 43. f3 Rh5 44. Kg2 Re5 45. e4 Kg8 46. d4 cxd4
47. Rcxd4 Rc5 48. Rd3 Rc2+ 49. Rd2 Rc3 50. R7d3 Rc5 51. Rd6 Rc3 52. R6d3 Rc5
53. h4 Rfc6 54. Kf2 Rc1 55. f4 b5 56. Rd5 Ra1 57. Rxb5 Rxa3 58. Rd3 Rc2+ 59.
Ke3 Rg2 60. Kd4 a4 61. Rb4 axb3 62. Rdxb3 Ra5 63. Rb8+ Kh7 64. Rc8 Rd2+ 65. Rd3
Rxd3+ 66. Kxd3 Ra3+ 67. Rc3 Ra1 68. Kd4 1-0

[Event "4NCL Division 3 North"]
[Site "Doncaster, ENG"]
[Date "2019.11.10"]
[Round "2.74"]
[White "Edwards, Simon R"]
[Black "Braham, Peter"]
[Result "1-0"]
[WhiteElo "1997"]
[BlackElo "1718"]
[PlyCount "77"]
[EventDate "2019.11.10"]
[WhiteTeam "J'Adoube 1"]
[BlackTeam "Bradford DCA Knights C"]

1. e4 d6 2. d4 Nf6 3. Nc3 g6 4. Bg5 Bg7 5. e5 Nfd7 6. exd6 cxd6 7. Qd2 Nf6 8.
Nf3 O-O 9. Be2 d5 10. Bh6 Bxh6 11. Qxh6 Nc6 12. O-O-O a6 13. Ng5 b5 14. Bf3 e6
15. g4 Ne7 16. h4 Kh8 17. Nh3 Nfg8 18. Qf4 h6 19. Qe5+ f6 20. Qe3 b4 21. Ne2 a5
22. Nef4 Ra6 23. Rhe1 Qd6 24. Nd3 h5 25. Nhf4 hxg4 26. Bxg4 f5 27. Bf3 Nf6 28.
Nxg6+ Nxg6 29. Qh6+ Nh7 30. Qxg6 Rg8 31. Qh6 Qc7 32. Ne5 Qg7 33. Qh5 Ra7 34.
Be2 Re7 35. Kd2 Qf6 36. Rg1 Reg7 37. Rxg7 Rxg7 38. Qe8+ Qf8 39. Ng6+ 1-0

[Event "4NCL Division 3 North"]
[Site "Doncaster, ENG"]
[Date "2019.11.10"]
[Round "2.75"]
[White "Clarke, Paul R H"]
[Black "Taylor, John Paul"]
[Result "1-0"]
[WhiteElo "1690"]
[BlackElo "1862"]
[PlyCount "95"]
[EventDate "2019.11.10"]
[WhiteTeam "Bradford DCA Knights C"]
[BlackTeam "J'Adoube 1"]

1. d4 Nf6 2. Bf4 d5 3. e3 e6 4. Nd2 Be7 5. Bd3 O-O 6. h3 b6 7. Ngf3 Bb7 8. O-O
Nbd7 9. Ne5 c5 10. c3 c4 11. Bc2 b5 12. a3 a5 13. Nxd7 Qxd7 14. Re1 Rfc8 15. e4
dxe4 16. Nxe4 Nxe4 17. Bxe4 Bxe4 18. Rxe4 Ra7 19. Qd2 Rb7 20. Rd1 b4 21. axb4
axb4 22. d5 exd5 23. Qxd5 Qxd5 24. Rxd5 bxc3 25. bxc3 Bf6 26. Be5 Rb1+ 27. Kh2
Bxe5+ 28. Rdxe5 Kf8 29. Rd5 Rc1 30. Re3 Re8 31. Rf3 Re4 32. Rc5 Ke8 33. Rc7 g5
34. Rfxf7 Rh4 35. g3 Rh6 36. Rg7 Kf8 37. Rxg5 Rxc3 38. Rb5 Re6 39. Rxh7 Kg8 40.
Rc7 Re8 41. h4 Rf8 42. f4 Re8 43. Rg5+ Kf8 44. h5 Re2+ 45. Kh3 Rc1 46. Kg4 Re7
47. Rgc5 c3 48. Rc8+ 1-0

[Event "4NCL Division 3 North"]
[Site "Doncaster, ENG"]
[Date "2019.11.10"]
[Round "2.81"]
[White "Potter, Steven"]
[Black "Kolbus, Dietmar"]
[Result "0-1"]
[WhiteElo "1825"]
[BlackElo "2300"]
[PlyCount "70"]
[EventDate "2019.11.10"]
[WhiteTeam "Manchester Manticores 4"]
[BlackTeam "Manx Liberty 2"]

1. d4 Nf6 2. Bg5 c5 3. d5 Qb6 4. Nc3 Qxb2 5. Bd2 Qb6 6. e4 d6 7. f4 e5 8. Rb1
Qd8 9. fxe5 dxe5 10. Nf3 Nbd7 11. Bb5 a6 12. Bxd7+ Nxd7 13. O-O h6 14. Ne2 b5
15. c4 Rb8 16. Qc2 Bd6 17. Ng3 g6 18. Qc1 Bf8 19. Bc3 Bg7 20. Bd2 b4 21. Ne1 a5
22. Rb3 Rb6 23. Rbf3 Rf6 24. Nd3 Rxf3 25. Rxf3 Ba6 26. Be3 Bf8 27. Qb2 Bd6 28.
Kh1 Qe7 29. Qc1 Nb6 30. Bxh6 Qh4 31. Nf5 gxf5 32. Rh3 Qf6 33. Bg5 Qg7 34. Rg3
f6 35. Be3 Qxg3 0-1

[Event "4NCL Division 3 North"]
[Site "Doncaster, ENG"]
[Date "2019.11.10"]
[Round "2.82"]
[White "Fabri, Henrik"]
[Black "Gawne, Martin"]
[Result "1-0"]
[WhiteElo "1930"]
[BlackElo "1810"]
[PlyCount "109"]
[EventDate "2019.11.10"]
[WhiteTeam "Manx Liberty 2"]
[BlackTeam "Manchester Manticores 4"]

1. e4 e6 2. d4 d5 3. e5 c5 4. c3 Nc6 5. Nf3 Nge7 6. Bd3 cxd4 7. cxd4 Nf5 8.
Bxf5 exf5 9. O-O Be6 10. Nc3 Be7 11. a3 O-O 12. b4 Rc8 13. Qd3 h6 14. Na4 b6
15. Bd2 Qd7 16. Nc3 Qc7 17. Rfc1 Qb7 18. h4 a6 19. Ne2 Rc7 20. Ng3 Qc8 21. Ne2
Qb7 22. Rc2 Kh7 23. Rac1 Rfc8 24. Nf4 Nb8 25. g4 Rxc2 26. Rxc2 Rxc2 27. Qxc2
Qd7 28. g5 hxg5 29. hxg5 g6 30. Kg2 Qd8 31. Qc1 Qd7 32. Nxe6 Qxe6 33. Qc7 Nd7
34. Bf4 Kg7 35. Ne1 Nf8 36. Qa7 b5 37. Nd3 Nd7 38. Qb7 Nb6 39. Qxa6 Nc4 40.
Qxb5 Nxa3 41. Qb7 Nc2 42. Nc5 Bxc5 43. dxc5 Ne1+ 44. Kg3 d4 45. Qh1 Qb3+ 46. f3
Qxb4 47. Qh6+ Kg8 48. e6 Qxc5 49. exf7+ Kxf7 50. Qh7+ Kf8 51. Qxg6 Ke7 52. Qf6+
Kd7 53. Qf7+ Kd8 54. g6 Nxf3 55. g7 1-0

[Event "4NCL Division 3 North"]
[Site "Doncaster, ENG"]
[Date "2019.11.10"]
[Round "2.83"]
[White "Grindrod, John"]
[Black "Akeya-Price, Robert"]
[Result "0-1"]
[WhiteElo "1675"]
[BlackElo "1882"]
[PlyCount "116"]
[EventDate "2019.11.10"]
[WhiteTeam "Manchester Manticores 4"]
[BlackTeam "Manx Liberty 2"]

1. c4 Nf6 2. Nc3 e6 3. g3 d5 4. cxd5 exd5 5. d4 c6 6. Bg2 Bd6 7. Nf3 O-O 8. O-O
Nbd7 9. Bd2 Re8 10. Re1 Ne4 11. Nxe4 dxe4 12. Ng5 Nf6 13. Qb3 Qe7 14. Nh3 Be6
15. Qc2 Qd7 16. Nf4 Bxf4 17. Bxf4 Qxd4 18. Rad1 Qc4 19. Qxc4 Bxc4 20. b3 Bd5
21. Bg5 Nd7 22. Bh3 Nb6 23. Be3 f6 24. Rd2 Kf7 25. Red1 Nc8 26. Bc5 Ne7 27. e3
Ng6 28. Rd4 Ne5 29. Bg2 Nd3 30. Ba3 b5 31. Bf1 Ne5 32. Be2 a5 33. R4d2 a4 34.
b4 Rad8 35. Kg2 Ke6 36. Bc1 f5 37. a3 Rd7 38. Bb2 Red8 39. Bd4 Bc4 40. Rc1 Bxe2
41. Rxe2 Rxd4 42. exd4 Rxd4 43. Rc5 Rc4 44. Rc2 Rxc2 45. Rxc2 Nc4 46. Kf1 Kd5
47. Ke2 Nxa3 48. Rc5+ Kd4 49. Rxc6 Nc4 50. Kd1 Kc3 51. Kc1 Kxb4 52. Kb1 Kc3 53.
Ra6 a3 54. Ra7 b4 55. Rb7 b3 56. Rc7 Kd3 57. Rd7+ Ke2 58. Rb7 Nd2+ 0-1

[Event "4NCL Division 3 North"]
[Site "Doncaster, ENG"]
[Date "2019.11.10"]
[Round "2.84"]
[White "Tomlinson, Zak"]
[Black "Lougheed, Liam"]
[Result "1-0"]
[WhiteElo "1745"]
[BlackElo "1592"]
[PlyCount "139"]
[EventDate "2019.11.10"]
[WhiteTeam "Manx Liberty 2"]
[BlackTeam "Manchester Manticores 4"]

1. e4 e5 2. Nf3 Nc6 3. Bb5 d6 4. d4 Bd7 5. Nc3 Nf6 6. Bg5 Be7 7. d5 Nb8 8. Qd3
a6 9. Bxd7+ Nbxd7 10. O-O Nc5 11. Qe2 Rc8 12. Rad1 Ncd7 13. Nh4 Nxd5 14. Nxd5
Bxg5 15. Nf3 c6 16. Ne3 Bxe3 17. Qxe3 Qe7 18. Qd2 f6 19. Qxd6 Qxd6 20. Rxd6 Nb6
21. b3 O-O 22. Rfd1 Rce8 23. c4 Rf7 24. c5 Na8 25. Kf1 Nc7 26. Rd7 Kf8 27.
Rxf7+ Kxf7 28. Ke2 Nb5 29. Rd7+ Re7 30. Rxe7+ Kxe7 31. a4 Nc7 32. Kd3 Ne6 33.
Kc4 Nf4 34. Ne1 Ke6 35. g3 Nh3 36. Nd3 Ng5 37. Kb4 Nxe4 38. Ka5 Kd7 39. Kb6 Kc8
40. f4 exf4 41. Nxf4 Nd2 42. Nh5 Nxb3 43. Nxg7 Nd2 44. Ka5 Nf1 45. Ne8 Nxh2 46.
Nxf6 h6 47. Kb4 Kc7 48. a5 Nf3 49. g4 Ne5 50. Kc3 Nd7 51. Ne4 Kd8 52. Kd4 Ke7
53. Nd6 Nf6 54. Nf5+ Kf7 55. Nxh6+ Kg6 56. Nf5 Nxg4 57. Nd6 Kf6 58. Nxb7 Ke6
59. Nd8+ Kd7 60. Nf7 Kc7 61. Ne5 Nxe5 62. Kxe5 Kd7 63. Kf6 Kd8 64. Ke6 Kc7 65.
Ke7 Kc8 66. Kd6 Kb7 67. Kd7 Kb8 68. Kxc6 Kc8 69. Kb6 Kd7 70. Kb7 1-0

[Event "4NCL Division 3 North"]
[Site "Doncaster, ENG"]
[Date "2019.11.10"]
[Round "2.85"]
[White "Beswick, Andrew"]
[Black "Costello, John"]
[Result "0-1"]
[WhiteElo "1532"]
[BlackElo "1725"]
[PlyCount "62"]
[EventDate "2019.11.10"]
[WhiteTeam "Manchester Manticores 4"]
[BlackTeam "Manx Liberty 2"]

1. e4 d5 2. exd5 Qxd5 3. Nc3 Qd8 4. Nf3 Nf6 5. Bc4 e6 6. d4 Be7 7. O-O O-O 8.
Re1 a6 9. h3 b5 10. Bb3 Bb7 11. Bf4 Re8 12. Qe2 Nbd7 13. Bxe6 Bxf3 14. Bxf7+
Kxf7 15. Qxf3 Kg8 16. Bxc7 Qxc7 17. Rxe7 Rxe7 18. Qxa8+ Nb8 19. Qf3 Qd6 20. Rd1
Nc6 21. Qd3 Nb4 22. Qd2 Nbd5 23. Ne2 Ne4 24. Qd3 Qf6 25. f3 Nd6 26. c3 Nc4 27.
Rb1 Re3 28. Qd1 Qg6 29. Kh1 Rxe2 30. Qxe2 Qxb1+ 31. Kh2 Nce3 0-1

[Event "4NCL Division 3 North"]
[Site "Doncaster, ENG"]
[Date "2019.11.10"]
[Round "2.86"]
[White "Ruzhansky, Elias"]
[Black "Wilson, Jeff"]
[Result "0-1"]
[WhiteElo "1623"]
[BlackElo "1347"]
[PlyCount "90"]
[EventDate "2019.11.10"]
[WhiteTeam "Manx Liberty 2"]
[BlackTeam "Manchester Manticores 4"]

1. e4 e5 2. Nf3 Nc6 3. Bc4 Bc5 4. c3 Nf6 5. d3 h6 6. O-O d6 7. a4 O-O 8. b4
Nxb4 9. cxb4 Bxb4 10. Ba3 Bxa3 11. Nxa3 c6 12. Re1 Bg4 13. h3 Bh5 14. Rb1 b6
15. Nc2 c5 16. Ne3 Qc7 17. Nd5 Nxd5 18. Bxd5 Rab8 19. g4 Bg6 20. Nh4 Bh7 21.
Ng2 Kh8 22. Ne3 g6 23. Bc4 f6 24. Nd5 Qd8 25. Qd2 Kg7 26. Kh1 g5 27. Rb2 Qd7
28. Bb5 Qc8 29. Kh2 Qe6 30. Reb1 Bg6 31. Bc4 Qd7 32. a5 h5 33. gxh5 Bxh5 34.
axb6 axb6 35. Rxb6 Rxb6 36. Rxb6 Rh8 37. Qb2 Bf3 38. Nf4 gxf4 39. Be6 Qxe6 40.
Rb7+ Kg6 41. Rg7+ Kxg7 42. Qb7+ Kg6 43. Kg1 Rxh3 44. Qh7+ Kxh7 45. d4 Rh1# 0-1

[Event "4NCL Division 3 North"]
[Site "Bolton, ENG"]
[Date "2020.01.11"]
[Round "3.11"]
[White "Gardiner, Eric D"]
[Black "Boswell, Jacob Connor"]
[Result "1-0"]
[WhiteElo "2006"]
[BlackElo "2140"]
[PlyCount "65"]
[EventDate "2020.01.11"]
[WhiteTeam "Euwe's North Sea Tigers"]
[BlackTeam "J'Adoube 1"]

1. e4 e5 2. Nf3 Nc6 3. d4 exd4 4. Nxd4 Bc5 5. Nxc6 bxc6 6. Bd3 Nf6 7. O-O O-O
8. e5 Ne8 9. Nc3 f5 10. Na4 Bb6 11. c4 Qe7 12. Nxb6 axb6 13. Qe2 c5 14. Bxf5
Bb7 15. Qd3 h6 16. Qxd7 Qxe5 17. Qe6+ Qxe6 18. Bxe6+ Kh8 19. Be3 Rf6 20. Bh3
Nd6 21. b3 Bc6 22. a4 Be4 23. Ra2 Nb7 24. f3 Bg6 25. Bd2 Rd8 26. Re1 Rfd6 27.
Bf4 Rd1 28. Rae2 Rxe1+ 29. Rxe1 Kg8 30. Re7 Na5 31. Be6+ Kf8 32. Rxc7 Re8 33.
Bd6+ 1-0

[Event "4NCL Division 3 North"]
[Site "Bolton, ENG"]
[Date "2020.01.11"]
[Round "3.12"]
[White "Bennett, Patrick"]
[Black "Collinson, Mark I"]
[Result "1/2-1/2"]
[WhiteElo "2027"]
[BlackElo "1970"]
[PlyCount "86"]
[EventDate "2020.01.11"]
[WhiteTeam "J'Adoube 1"]
[BlackTeam "Euwe's North Sea Tigers"]

1. Nf3 c5 2. g3 Nc6 3. Bg2 g6 4. O-O Bg7 5. d3 d6 6. Nc3 Nf6 7. e4 Bd7 8. Re1
e5 9. Nd5 Nxd5 10. exd5 Ne7 11. c3 O-O 12. d4 cxd4 13. cxd4 e4 14. Rxe4 Nxd5
15. Bg5 Qb6 16. Qd2 Bf5 17. Ree1 Rac8 18. Rac1 Nb4 19. Nh4 Rxc1 20. Rxc1 Qxd4
21. Nxf5 gxf5 22. Qxd4 Bxd4 23. Rc4 Bc5 24. Bh3 Kg7 25. Bxf5 f6 26. Bd2 Nc6 27.
Rh4 Nd4 28. Bh6+ Kf7 29. Be4 Re8 30. Bd5+ Kg6 31. Kf1 Nf5 32. Be4 Rxe4 33. Rxe4
Kxh6 34. b4 Bb6 35. a4 a5 36. bxa5 Bxa5 37. g4 Ng7 38. Re7 b6 39. h4 f5 40. g5+
Kg6 41. Ke2 Bb4 42. f4 Bc5 43. Kf3 Bb4 1/2-1/2

[Event "4NCL Division 3 North"]
[Site "Bolton, ENG"]
[Date "2020.01.11"]
[Round "3.13"]
[White "Vleeshhouwer, Douglas"]
[Black "Turner, John M"]
[Result "0-1"]
[WhiteElo "1964"]
[BlackElo "2020"]
[PlyCount "56"]
[EventDate "2020.01.11"]
[WhiteTeam "Euwe's North Sea Tigers"]
[BlackTeam "J'Adoube 1"]

1. b3 Nf6 2. Bb2 e6 3. c4 c5 4. e3 b6 5. Nf3 Bb7 6. Nc3 Be7 7. Be2 O-O 8. Qc2
Nc6 9. Rg1 d5 10. cxd5 Nxd5 11. Nxd5 Qxd5 12. Bc4 Qd6 13. d4 cxd4 14. Rd1 Qb4+
15. Kf1 dxe3 16. a3 Qc5 17. b4 Qh5 18. fxe3 Rfd8 19. Bd3 Rac8 20. Qb1 Nxb4 21.
Be2 Nc6 22. Qa1 Qh6 23. Kf2 Bc5 24. Nd4 Nxd4 25. Bxd4 Bxd4 26. Rxd4 Qf6+ 27.
Ke1 Rxd4 28. exd4 Rd8 0-1

[Event "4NCL Division 3 North"]
[Site "Bolton, ENG"]
[Date "2020.01.11"]
[Round "3.14"]
[White "Doran, Chris"]
[Black "Stephenson, David W"]
[Result "0-1"]
[WhiteElo "2012"]
[BlackElo "1793"]
[PlyCount "77"]
[EventDate "2020.01.11"]
[WhiteTeam "J'Adoube 1"]
[BlackTeam "Euwe's North Sea Tigers"]

1. e4 e5 2. Nf3 Nc6 3. Bb5 f5 4. d3 Nf6 5. O-O Bc5 6. Bc4 d6 7. Ng5 Qe7 8. Bf7+
Kd8 9. Bc4 Rf8 10. Nc3 h6 11. Nd5 Nxd5 12. exd5 hxg5 13. dxc6 bxc6 14. c3 d5
15. d4 exd4 16. cxd4 Bb6 17. Qh5 f4 18. Bd3 Bxd4 19. Bd2 Qf6 20. Rfe1 Bf5 21.
Bxf5 Qxf5 22. Re2 Kd7 23. Rae1 Bc5 24. Re5 g6 25. Qh7+ Rf7 26. Qh6 Qc2 27. Qxg5
Raf8 28. Qg4+ Rf5 29. Qxg6 Bxf2+ 30. Kxf2 Qxd2+ 31. R5e2 Qd4+ 32. Kf1 f3 33.
Re7+ Kc8 34. Re8+ Kb7 35. Rxf8 fxg2+ 36. Kxg2 Qf2+ 37. Kh3 Rxf8 38. Rg1 Rh8+
39. Kg4 0-1

[Event "4NCL Division 3 North"]
[Site "Bolton, ENG"]
[Date "2020.01.11"]
[Round "3.15"]
[White "Varley, Joe"]
[Black "Edwards, Simon R"]
[Result "1/2-1/2"]
[WhiteElo "1862"]
[BlackElo "1997"]
[PlyCount "40"]
[EventDate "2020.01.11"]
[WhiteTeam "Euwe's North Sea Tigers"]
[BlackTeam "J'Adoube 1"]

1. e4 c5 2. Nf3 g6 3. d4 cxd4 4. Nxd4 Bg7 5. Nc3 Nc6 6. Be3 Nf6 7. Bc4 O-O 8.
Bb3 Qa5 9. f3 Rd8 10. Qd2 d5 11. Nxc6 bxc6 12. O-O-O Bb7 13. exd5 Nxd5 14. Nxd5
Qxd2+ 15. Rxd2 cxd5 16. Kb1 e6 17. Rhd1 Rdc8 18. f4 a5 19. a3 Ba6 20. Bd4 Bc4
1/2-1/2

[Event "4NCL Division 3 North"]
[Site "Bolton, ENG"]
[Date "2020.01.11"]
[Round "3.16"]
[White "Floresc, Petru"]
[Black "Kakarparthi, Vijay"]
[Result "1-0"]
[WhiteElo "1870"]
[BlackElo "1637"]
[PlyCount "43"]
[EventDate "2020.01.11"]
[WhiteTeam "J'Adoube 1"]
[BlackTeam "Euwe's North Sea Tigers"]

1. c4 b6 2. Nc3 Bb7 3. e4 e6 4. d4 Bb4 5. d5 exd5 6. exd5 Nf6 7. Bd3 Qe7+ 8.
Nge2 O-O 9. O-O a5 10. Ng3 Qd8 11. Nf5 Bxc3 12. bxc3 d6 13. Bg5 Nbd7 14. f4 g6
15. Nh6+ Kg7 16. Bc2 Rc8 17. Qd4 Ba6 18. Ba4 c5 19. dxc6 Nc5 20. Ng4 Nce4 21.
Bc2 Bxc4 22. Bxe4 1-0

[Event "4NCL Division 3 North"]
[Site "Bolton, ENG"]
[Date "2020.01.11"]
[Round "3.21"]
[White "Watson, Phil R"]
[Black "Collins, Richard A"]
[Result "1-0"]
[WhiteElo "2118"]
[BlackElo "1990"]
[PlyCount "57"]
[EventDate "2020.01.11"]
[WhiteTeam "Bradford DCA Knights A"]
[BlackTeam "Manchester Manticores 3"]

1. d4 d5 2. c4 c6 3. cxd5 cxd5 4. Bf4 Bf5 5. Nc3 Nf6 6. e3 a6 7. Qb3 Bc8 8.
Bxb8 Rxb8 9. Bxa6 e6 10. Nf3 Be7 11. O-O O-O 12. Bd3 Ne8 13. Ne5 Bd7 14. f4 Bd6
15. Rac1 Qe7 16. Rc2 Kh8 17. Rfc1 Nf6 18. Qb6 Bxe5 19. dxe5 Ng8 20. Ne2 Rfc8
21. Nd4 Rxc2 22. Rxc2 Qe8 23. Rc7 Qd8 24. Qd6 Rc8 25. Rxd7 Qa5 26. Kf2 Rc1 27.
Qf8 Qe1+ 28. Kf3 g5 29. Rd8 1-0

[Event "4NCL Division 3 North"]
[Site "Bolton, ENG"]
[Date "2020.01.11"]
[Round "3.22"]
[White "Tyton, Adam"]
[Black "Bak, Christopher"]
[Result "0-1"]
[WhiteElo "1967"]
[BlackElo "2024"]
[PlyCount "76"]
[EventDate "2020.01.11"]
[WhiteTeam "Manchester Manticores 3"]
[BlackTeam "Bradford DCA Knights A"]

1. e4 g6 2. Nf3 Bg7 3. d4 d6 4. Nc3 a6 5. a4 b6 6. Be3 Bb7 7. Bc4 e6 8. O-O Ne7
9. Qd2 h6 10. Rad1 Nd7 11. Rfe1 Nf6 12. d5 e5 13. h3 g5 14. Qe2 Ng6 15. a5 bxa5
16. Ra1 Bc8 17. Rxa5 g4 18. hxg4 Bxg4 19. Rea1 O-O 20. Qd2 Rb8 21. b3 Nh5 22.
Nh2 Bd7 23. g3 f5 24. exf5 Bxf5 25. Be2 Nf6 26. Bxa6 Qd7 27. Bb5 Qf7 28. Ba7
Rxb5 29. Rxb5 Bh3 30. Ra4 Ne7 31. Rab4 h5 32. Rh4 Bd7 33. Ra5 Qg6 34. Rb4 Nf5
35. Ra1 h4 36. g4 e4 37. Nxe4 Nxe4 38. Re1 Nxd2 0-1

[Event "4NCL Division 3 North"]
[Site "Bolton, ENG"]
[Date "2020.01.11"]
[Round "3.23"]
[White "Bak, Andrew"]
[Black "Trueman, Glenn"]
[Result "1/2-1/2"]
[WhiteElo "1980"]
[BlackElo "1900"]
[PlyCount "34"]
[EventDate "2020.01.11"]
[WhiteTeam "Bradford DCA Knights A"]
[BlackTeam "Manchester Manticores 3"]

1. e4 c5 2. Nf3 d6 3. d4 cxd4 4. Nxd4 Nf6 5. Nc3 a6 6. Bg5 e6 7. f4 h6 8. Bh4
Qb6 9. Qd2 Qxb2 10. Rb1 Qa3 11. f5 Be7 12. fxe6 fxe6 13. Be2 O-O 14. O-O Nc6
15. Bf2 Qa5 16. Nxc6 bxc6 17. Bb6 Qe5 1/2-1/2

[Event "4NCL Division 3 North"]
[Site "Bolton, ENG"]
[Date "2020.01.11"]
[Round "3.24"]
[White "Livesey, R Nigel"]
[Black "Jennings, Roger W"]
[Result "1/2-1/2"]
[WhiteElo "1855"]
[BlackElo "1998"]
[PlyCount "54"]
[EventDate "2020.01.11"]
[WhiteTeam "Manchester Manticores 3"]
[BlackTeam "Bradford DCA Knights A"]

1. c4 g6 2. g3 Bg7 3. Bg2 Nf6 4. Nc3 O-O 5. d3 Nc6 6. e4 d6 7. Nge2 Bd7 8. O-O
Qc8 9. Rb1 Bh3 10. b4 Bxg2 11. Kxg2 e5 12. Nd5 Nxd5 13. cxd5 Nd4 14. Nxd4 exd4
15. Bf4 Qd7 16. Qd2 c6 17. dxc6 bxc6 18. Rbc1 Rfe8 19. Rfe1 Rac8 20. Rc2 d5 21.
f3 dxe4 22. fxe4 f5 23. exf5 Qxf5 24. Rxe8+ Rxe8 25. Kg1 Re6 26. Rc1 Qd5 27.
Kf2 Qf5 1/2-1/2

[Event "4NCL Division 3 North"]
[Site "Bolton, ENG"]
[Date "2020.01.11"]
[Round "3.25"]
[White "Baxter, Harold"]
[Black "Jones, Neil T"]
[Result "0-1"]
[WhiteElo "1861"]
[BlackElo "1802"]
[PlyCount "126"]
[EventDate "2020.01.11"]
[WhiteTeam "Bradford DCA Knights A"]
[BlackTeam "Manchester Manticores 3"]

1. Nf3 d5 2. g3 Nf6 3. Bg2 Bf5 4. d4 e6 5. O-O Be7 6. c4 O-O 7. Nc3 c6 8. Ne5
Nbd7 9. Qb3 Qc8 10. Nxd7 Qxd7 11. cxd5 exd5 12. Bf4 Nh5 13. Be3 Nf6 14. a4 a5
15. Bf4 Bd6 16. Bxd6 Qxd6 17. Qa3 Qb4 18. Rfd1 Rfe8 19. Rd2 Qb6 20. e3 Rad8 21.
Rc1 Re6 22. Ne2 Ne4 23. Bxe4 Bxe4 24. Rc5 Qc7 25. b4 axb4 26. Qxb4 b6 27. Rc1
Qa7 28. Rb2 Rh6 29. f4 Qd7 30. Qe1 Qg4 31. Qf2 Bd3 32. Nc3 Re6 33. Rxb6 h5 34.
a5 Ra8 35. a6 Rxa6 36. Rxa6 Bxa6 37. Ra1 Bc4 38. Ra8+ Kh7 39. Ra7 Qf5 40. Qd2
h4 41. Ra1 Qg4 42. Qc2+ g6 43. Kf2 Kg7 44. Qd1 Qh3 45. Qg1 Re7 46. Rb1 Ra7 47.
Qg2 Qf5 48. Kf3 Bd3 49. Rb2 Ra3 50. Qd2 hxg3 51. hxg3 Ra1 52. Qh2 Be4+ 53. Nxe4
dxe4+ 54. Kg2 Qg4 55. Rf2 Re1 56. Qh4 Qd1 57. Qe7 Rg1+ 58. Kh3 Rh1+ 59. Rh2
Qf1+ 60. Kg4 Rxh2 61. Qe5+ Kh7 62. Qe8 Qh3+ 63. Kg5 Qf5# 0-1

[Event "4NCL Division 3 North"]
[Site "Boston ENG"]
[Date "2020.01.11"]
[Round "3.31"]
[White "Rita, Joao Candido"]
[Black "Johnson, Paul A"]
[Result "1/2-1/2"]
[WhiteElo "1985"]
[BlackElo "1818"]
[Annotator "Rita,Joao Candido"]
[PlyCount "125"]
[EventDate "2019.02.10"]
[EventCountry "USA"]
[WhiteTeam "3C's 1"]
[BlackTeam "Bradford DCA Knights B"]

1. e4 e5 2. Nf3 Nc6 3. Bc4 Nf6 4. Ng5 d5 5. exd5 Na5 6. Bb5+ c6 7. dxc6 bxc6 8.
Bd3 Bd6 9. Ne4 Nxe4 10. Bxe4 O-O 11. g3 f5 12. Bg2 Be6 13. Nc3 Rb8 14. O-O Qc7
15. d3 Nb7 16. f4 Rbe8 17. Kh1 exf4 18. Bxf4 Bxf4 19. Rxf4 Rf6 20. Qf3 Bd7 21.
Rc4 Qb6 22. Qf4 Rfe6 23. Qd2 Qxb2 24. Rb1 Qxb1+ 25. Nxb1 Re1+ 26. Bf1 Rxf1+ 27.
Kg2 Rxb1 28. Rb4 Rbe1 29. Qf4 R8e2+ 30. Kh3 Rh1 31. g4 Rhxh2+ 32. Qxh2 fxg4+
33. Kg3 Rxh2 34. Kxh2 Nc5 35. Rc4 Ne6 36. Rxg4 a6 37. Rb4 c5 38. Rb7 Ba4 39. c3
Nf4 40. d4 cxd4 41. cxd4 Bb5 42. a3 h5 43. Kg3 Ne2+ 44. Kh4 Nxd4 45. Kxh5 Kh7
46. Rc7 Be2+ 47. Kh4 Nb5 48. Rc2 Bd3 49. Rd2 Bf5 50. a4 Nc3 51. a5 g5+ 52. Kh5
g4 53. Rf2 g3 54. Rxf5 g2 55. Rg5 Ne2 56. Rxg2 Nf4+ 57. Kg4 Nxg2 58. Kf3 Ne1+
59. Ke2 Nc2 60. Kd3 Nb4+ 61. Kc4 Nc6 62. Kc5 Nxa5 63. Kb6 1/2-1/2

[Event "4NCL Division 3 North"]
[Site "Bolton, ENG"]
[Date "2020.01.11"]
[Round "3.32"]
[White "Bramson, Mike"]
[Black "Adams, Philip"]
[Result "1/2-1/2"]
[WhiteElo "1786"]
[BlackElo "2042"]
[PlyCount "48"]
[EventDate "2020.01.11"]
[WhiteTeam "Bradford DCA Knights B"]
[BlackTeam "3Cs 2"]

1. e4 c5 2. Nf3 Nc6 3. Nc3 e6 4. d4 cxd4 5. Nxd4 Nf6 6. g3 Bb4 7. Bg2 O-O 8.
O-O d6 9. Be3 Nxd4 10. Qxd4 Qa5 11. a3 Bc5 12. Qd3 Bxe3 13. Qxe3 a6 14. Rad1
Qc7 15. Rd2 e5 16. Rfd1 Rd8 17. h3 b5 18. f4 Bb7 19. Kh2 h5 20. fxe5 dxe5 21.
Qg5 Rxd2 22. Rxd2 Qe7 23. Qe3 Rd8 24. Rd3 Rxd3 1/2-1/2